|
|
|
|
| LEADER |
00000nab a2200000ua 4500 |
| 001 |
vtls010764343 |
| 003 |
SK-MaSNL |
| 005 |
20260304203054.0 |
| 008 |
250718s1956 xo |||||||||||||||||slo| |
| 035 |
|
|
|a (urnnbn)urn:nbn:sk:snk:ar-a03her
|
| 035 |
|
|
|a (uuid)d4f3c8fb-f09b-4d69-921a-d692c83c4b24
|
| 035 |
|
|
|a urn:nbn:sk:snk-ab59qo
|
| 040 |
|
|
|a SNKBUCL
|b slo
|c SNKBUCL
|e AACR2
|
| 041 |
0 |
|
|a slo
|
| 044 |
|
|
|a xo
|c SK
|
| 100 |
1 |
|
|a Hanušková, M.
|4 aut
|9 1120306
|
| 245 |
1 |
0 |
|a ANESTÉZA V PLASTICKEJ CHIRURGII
|c M. Hanušková
|
| 773 |
0 |
|
|t Bratislavské lekárske listy
|g Roč. 36, č. 5 (1956), s. 284-288
|
| 850 |
|
|
|a Slovenská národná knižnica
|
| 852 |
|
|
|a Slovenská národná knižnica
|
| 954 |
|
|
|a odborná, vedecká literatúra pôvodná (slovenská)
|2 lita
|
| 958 |
|
|
|a article3
|
| 958 |
|
|
|a OND
|
| 958 |
|
|
|a EUIPO
|
| 999 |
|
|
|c 3107413
|d 3109343
|